LEADER 01132nam a22002891i 4500 001 991001172129707536 005 20030909102728.0 008 040407s1980 it a||||||||||||||||ita 035 $ab12729759-39ule_inst 035 $aARCHE-070939$9ExL 040 $aDip.to Scienze Storiche$bita$cA.t.i. Arché s.c.r.l. Pandora Sicilia s.r.l. 082 04$a741.943 100 1 $aFemmel, Gerhard$0453157 245 10$aDisegni di Goethe in Italia /$cprefazione di Walter Dietze ; catalogo a cura di Gerhard Femmel 250 $aReprint 260 $aNapoli :$bG. Macchiaroli,$c1980 300 $a72 p. :$btav. ;$c21 cm 500 $aMostra tenuta a Napoli nel 1980 500 $aTrad. di Antonio Liberi. 600 14$aGoethe, Johann Wolfgang :$cvon$xDisegni$y1786-1788$xEsposizioni$y1980 700 1 $aDietze, Walter 907 $a.b12729759$b02-04-14$c16-04-04 912 $a991001172129707536 945 $aLE009 LA VII C 52$g1$iLE009A-5058 LA$lle009$o-$pE0.00$q-$rl$s- $t0$u0$v0$w0$x0$y.i13263456$z16-04-04 996 $aDisegni di Goethe in Italia$9153333 997 $aUNISALENTO 998 $ale009$b16-04-04$cm$da $e-$fita$git $h0$i1 LEADER 02545oam 2200661I 450 001 9910783981303321 005 20230620210557.0 010 $a1-135-88551-6 010 $a1-138-99469-3 010 $a1-135-88552-4 010 $a1-280-05200-7 010 $a0-203-50903-X 024 7 $a10.4324/9780203509036 035 $a(CKB)1000000000252431 035 $a(EBL)182950 035 $a(OCoLC)252891596 035 $a(SSID)ssj0000305309 035 $a(PQKBManifestationID)11219405 035 $a(PQKBTitleCode)TC0000305309 035 $a(PQKBWorkID)10294613 035 $a(PQKB)11531765 035 $a(MiAaPQ)EBC182950 035 $a(Au-PeEL)EBL182950 035 $a(CaPaEBR)ebr10166482 035 $a(CaONFJC)MIL5200 035 $a(EXLCZ)991000000000252431 100 $a20180331d2003 uy 0 101 0 $aeng 135 $aur|n|---||||| 181 $ctxt$2rdacontent 182 $cc$2rdamedia 183 $acr$2rdacarrier 200 10$aOrigins of predicates $eevidence from Plains Cree /$fTomio Hirose 210 1$aNew York :$cRoutledge,$d2003. 215 $a1 online resource (xiv, 272 pages) $cillustrations 225 1 $aOutstanding dissertations in linguistics 300 $aDescription based upon print version of record. 311 0 $a0-203-60545-4 311 0 $a0-415-96779-1 320 $aIncludes bibliographical references and index. 327 $aBook Cover; Title; Contents; Acknowledgments; Abbreviations and Symbols; References; Index 330 $aThis book offers a new perspective on natural language predicates by analyzing data from the Plains Cree language. Contrary to traditional understanding, Cree verbal complexes are syntactic constructs composed of morphemes as syntactic objects that are subject to structurally defined constraints, such as c-command. Tomio Hirose illustrates this in his study of vP syntax, event semantics, morphology-syntax mappings, unaccusativity, noun incorporation, and valency-reducing phenomena. 410 0$aOutstanding dissertations in linguistics. 606 $aCree language$xVerb 606 $aCree language$xSyntax 606 $aCree language$xMorphology 615 0$aCree language$xVerb. 615 0$aCree language$xSyntax. 615 0$aCree language$xMorphology. 676 $a497/.3 700 $aHirose$b Tomio$f1968,$01479896 801 0$bMiAaPQ 801 1$bMiAaPQ 801 2$bMiAaPQ 906 $aBOOK 912 $a9910783981303321 996 $aOrigins of predicates$93696269 997 $aUNINA LEADER 04353nam 2200661Ia 450 001 9910784151803321 005 20230507175531.0 010 $a1-281-02862-2 010 $a9786611028626 010 $a0-08-051893-1 035 $a(CKB)1000000000341393 035 $a(EBL)226699 035 $a(OCoLC)646767567 035 $a(SSID)ssj0000203776 035 $a(PQKBManifestationID)11171116 035 $a(PQKBTitleCode)TC0000203776 035 $a(PQKBWorkID)10173976 035 $a(PQKB)11628285 035 $a(MiAaPQ)EBC226699 035 $a(Au-PeEL)EBL226699 035 $a(CaPaEBR)ebr10254779 035 $a(CaONFJC)MIL102862 035 $a(PPN)143327631 035 $a(EXLCZ)991000000000341393 100 $a20040102d2004 uy 0 101 0 $aeng 135 $aurcn||||||||| 181 $ctxt 182 $cc 183 $acr 200 14$aThe mobile connection$b[electronic resource] $ethe cell phone's impact on society /$fRich Ling 210 $aAmsterdam $cElsevier/Morgan Kaufmann$dc2004 215 $a1 online resource (263 p.) 225 1 $aThe Morgan Kaufmann series in interactive technologies 300 $aDescription based upon print version of record. 311 $a1-55860-936-9 320 $aIncludes bibliographical references (p. 223-237) and index. 327 $aFront Cover; The Mobile Connection: The Cell Phone's Impact on Society; Copyright Page; Contents; Preface; Chapter 1. Introduction; Introduction; History of Mobile Telephony; Growth of the Mobile Market; Outline of the Book; Chapter 2. Making Sense of Mobile Telephone Adoption; Interaction Between Technology and Society; Methods and Data Sources; Chapter 3. Safety and Security; Introduction; The Mobile Telephone as a Contribution to Security; Diminution of Safety; Conclusion; Chapter 4. The Coordination of Everyday Life; Introduction; Social Coordination 327 $aMechanical Timekeeping and Social Coordination Mobile Communication and Microcoordination; Time-Based vs. Mobile-Based Coordination; Conclusion; Chapter 5. The Mobile Telephone and Teens; Introduction; Child/Adolescent Development and the Adoption of Telephony; Adolescence and Emancipation in Contemporary Society; Elements in the Adoption of Mobile Telephony by Teens; Conclusion: Mobile Telephony and the Dance of Emancipation; Chapter 6. The Intrusive Nature of Mobile Telephony; Introduction; Mobile Telephony in Settings with Heavy Normative Expectations 327 $aMobile Telephony in Interpersonal Situations Forced Eavesdropping and Being Embarrassed for Others; Conclusion; Chapter 7. Texting and the Growth of Asynchronous Discourse; Introduction; The Growth of Texting; What Is Being Said, Who Is Saying It, and How They Say It; The Future of Texting; Chapter 8. Conclusion: The Significance of Osborne's Prognosis; Introduction; Interaction Between Innovation and Social Institutions; Social Capital vs. Individualism; Role of ICTs in the Fostering of Social Capital/Individualism; Virtual Walled Communities 327 $aAppendix: Data Sources Used in the Analysis of Mobile Telephony End notes; Bibliography; Index 330 $aHas the cell phone forever changed the way people communicate? The mobile phone is used for "real time? coordination while on the run, adolescents use it to manage their freedom, and teens "text? to each other day and night. The mobile phone is more than a simple technical innovation or social fad, more than just an intrusion on polite society. This book, based on world-wide research involving tens of thousands of interviews and contextual observations, looks into the impact of the phone on our daily lives. The mobile phone has fundamentally affected our accessibility, safety and security, coo 410 0$aMorgan Kaufmann series in interactive technologies. 606 $aCell phone systems$xSocial aspects 606 $aMobile communication systems$xSocial aspects 615 0$aCell phone systems$xSocial aspects. 615 0$aMobile communication systems$xSocial aspects. 676 $a303.48/33 22 676 $a303.4833 676 $a384.6 700 $aLing$b Richard Seyler$01537552 801 0$bMiAaPQ 801 1$bMiAaPQ 801 2$bMiAaPQ 906 $aBOOK 912 $a9910784151803321 996 $aThe mobile connection$93841601 997 $aUNINA